000 00631nam a2200181Ia 4500
001 9546
003 GE_BSU
008 181216s||||||||xx |||||||||||||| ||und||
020 _a9771987505000
040 _cGE_BSU
245 _aლიტერატურული პალიტრა. №5.მაისი(116)2014.
245 _cპროექტ.ავტ.თამარ მამაცაშვილი.მთ. რედ. ზ. ჩხეიძე
260 _aთბილისი
260 _c2014
300 _a174გვ.28სმ.
653 _aლიტერატურული პალიტრა
942 _cCR
999 _c42840
_d42840